000
00303 a2200145 4500
001
169854
020
_a
040
_c
Magnum
100
_a
Schultz, J.h.
240
1
0
_a
El entrenamiento autogeno
_l
ESP
245
1
0
_a
El entrenamiento autogeno
362
0
_a
1899
697
_a
PSICOLOGIA
942
_c
BK
999
_c
169854
_d
169854